| 000 | 00689nam a2200217 i 4500 | ||
|---|---|---|---|
| 001 | 43792 | ||
| 003 | ES-MaACL | ||
| 005 | 20241110150813.0 | ||
| 007 | t| | ||
| 008 | 030318s1896 sp c |||| | spa d | ||
| 080 | _a017.43(460.235 B.) | ||
| 110 | 2 |
_aLibrería de Lance de Antonio Batlle. _9149421 |
|
| 245 | 1 | 0 | _aCatálogo de la Librería de Lance de Antonio Batlle. |
| 260 |
_aBarcelona : _b[Librería de Lance de Antonio Batlle], _c1896. |
||
| 300 |
_a159 p. ; _c21 cm. |
||
| 610 | 2 | 4 |
_aLibrería de Lance de Antonio Batlle- _vCatálogos. _9149422 |
| 650 | 1 | 4 |
_aLibreros anticuarios- _zEspaña. _9141226 |
| 852 |
_aES-MaACL _jT-966-F-12 |
||
| 942 | _2udc | ||
| 999 |
_c43792 _d43792 |
||